University Home | Library Home | Institutional Repository

Human Organization (Record no. 9679)

MARC details
000 -LEADER
fixed length control field 00608cas a2200157 4500
008 - FIXED-LENGTH DATA ELEMENTS--GENERAL INFORMATION
fixed length control field 150323n eng u
022 ## - INTERNATIONAL STANDARD SERIAL NUMBER
International Standard Serial Number 0018 7259
035 ## - SYSTEM CONTROL NUMBER
System control number (Sirsi) a189025
050 ## - LIBRARY OF CONGRESS CALL NUMBER
Classification number GN 1. H807
245 ## - TITLE STATEMENT
Title Human Organization
260 ## - PUBLICATION, DISTRIBUTION, ETC.
Place of publication, distribution, etc. Oklahoma City
Name of publisher, distributor, etc. Society for Applied Anthropology
310 ## - CURRENT PUBLICATION FREQUENCY
Current publication frequency Irregular
362 ## - DATES OF PUBLICATION AND/OR SEQUENTIAL DESIGNATION
Dates of publication and/or sequential designation Vol. 8, No. 1, 1949 - Vol. 61, No. 3, 2002
520 ## - SUMMARY, ETC.
Summary, etc. This journal publishes articles that discuss the principles controlling the relations of the human beings to one another and the wide application of those principles to practical problems
650 ## - SUBJECT ADDED ENTRY--TOPICAL TERM
Topical term or geographic name entry element Anthropology
Holdings
Withdrawn status Lost status Source of classification or shelving scheme Damaged status Not for loan Home library Current library Shelving location Total Checkouts Full call number Barcode Date last seen Copy number Price effective from Koha item type
    Library of Congress Classification     Main Library Main Library Serials   GN 1. H807 7259811949 08/12/2019 1 08/12/2019 Periodical
    Library of Congress Classification     Main Library Main Library Serials   GN 1. H807 72596132002 08/12/2019 2 08/12/2019 Periodical
© 2026 - The University of Zambia Library - Koha v25.11